Proyecto de capacitación, formación, perfeccionamiento, y política judicial

Gorde:
Xehetasun bibliografikoak
Egile korporatiboa: Corporación de Promoción Universitaria (Egilea), Asociación Nacional de Magistrados del Poder Judicial de Chile (Egilea), Agencia de los Estados Unidos para el Desarrollo Internacional (Egilea)
Formatua: Liburua
Hizkuntza:gaztelania
Argitaratua: Santiago CPU 1990
Gaiak:
Etiketak: Etiketa erantsi
Etiketarik gabe, Izan zaitez lehena erregistro honi etiketa jartzen!

MARC

LEADER 00000nam a2200000 a 4500
001 UCV2425
003 CL-VaPUC
008 920706e19900000CL |||||||||||||||||spa|d
082 0 4 |a 347  |b COR  |2 21 
110 2 |a Corporación de Promoción Universitaria  |e author  |9 296669 
710 2 |a Asociación Nacional de Magistrados del Poder Judicial de Chile  |e author  |9 296670 
710 2 |a Agencia de los Estados Unidos para el Desarrollo Internacional  |e author  |9 296671 
245 1 0 |a Proyecto de capacitación, formación, perfeccionamiento, y política judicial 
300 |a 3 v 
942 |c BK 
945 |d 19920706 00:00:00 
260 |a Santiago  |b CPU  |c 1990 
500 |a v.1: Documentos y materiales 
500 |a v.2: Administración de tribunales 
500 |a v.3: Documentos y materiales 
650 0 |a Capacitación de empleados  |9 257789 
583 |a last modification  |c 19920706 00:00:00  |k Rodrigo Vera 
999 |c 210002  |d 210000 
952 |0 0  |1 0  |4 0  |6 347_000000000000000_COR_1990  |7 0  |8 A  |9 185924  |a BIBDER  |b BIBDER  |d 2019-11-14  |h v.1  |i 2534053  |o 347 COR 1990  |p 2534053  |r 2023-01-25  |w 2019-11-14  |y BK  |k DER 
952 |0 0  |1 0  |4 0  |6 347_000000000000000_COR_1990  |7 0  |8 A  |9 185925  |a BIBDER  |b BIBDER  |d 2019-11-14  |h v.2  |i 2534061  |o 347 COR 1990  |p 2534061  |r 2023-01-25  |w 2019-11-14  |y BK  |k DER 
952 |0 0  |1 0  |4 0  |6 347_000000000000000_COR_1990  |7 0  |8 A  |9 185926  |a BIBDER  |b BIBDER  |d 2019-11-14  |h v.3  |i 253407K  |o 347 COR 1990  |p 253407K  |r 2023-01-25  |w 2019-11-14  |y BK  |k DER 
952 |0 0  |1 0  |4 0  |6 347_000000000000000_COR_1990  |7 0  |8 A  |9 185927  |a BIBHIS  |b BIBHIS  |d 2019-11-14  |h v.1  |i 2878801  |o 347 COR 1990  |p 2878801  |r 2025-01-20  |w 2019-11-14  |y BK  |k HIS 
952 |0 0  |1 0  |4 0  |6 347_000000000000000_COR_1990  |7 0  |8 A  |9 185928  |a BIBDER  |b BIBDER  |d 2019-11-14  |h v.1  |i 1821806  |o 347 COR 1990  |p 1821806  |r 2023-01-25  |w 2019-11-14  |y BK  |k DER